Paroles Raiponce "Je voudrais" - Statistiques

Statistiques générales
  • Ce quiz a été pris 294 fois
  • Le résultat moyen est 135 sur 204
Statistiques - réponses
Réponse % Correct
Je
92%
voudrais
87%
la
82%
La
82%
a
81%
de
79%
Et
79%
et
79%
un
79%
Un
79%
ma
77%
il
75%
Il
75%
Elle
74%
elle
74%
lumière
73%
une
73%
chance
72%
est
72%
mon
72%
tenter
72%
veux
72%
Aller
71%
dans
71%
en
71%
J'ai
71%
vous
71%
dit
70%
enfance
70%
Lui
70%
lui
70%
que
70%
vers
70%
arrivé
69%
C'est
69%
cherche
69%
fille
69%
danse
68%
pleine
68%
entrer
67%
le
67%
personne
67%
besoin
66%
bonnes
66%
changer
66%
d'air
66%
demander
66%
cherchez
65%
intentions
65%
quand
65%
sa
65%
au
64%
homme
64%
n'attendait
64%
ose
64%
Qu'est-ce
64%
invention
62%
propre
62%
mystère
61%
fin
60%
des
59%
Mettre
59%
chemin
55%
destin
55%
montre
55%
du
54%
ami
53%
croit
53%
l'autre
53%
conclusions
51%
jour
51%
l'illusion
51%
51%
l'on
50%
tirer
50%
toujours
50%
vécu
50%
les
49%
Ne
48%
ne
48%
entrer
47%
On
46%
plus
44%
sourit
44%
être
43%
devant
42%
heureux
42%
Même
42%
toi
42%
sérieux
41%
Avance
39%
libres
38%
prends
36%
promesses
36%
peut
35%
ta
35%
voie
32%
Laissez-moi
31%
msytère
1%
tener
1%
Aucun quiz correspondant
Distribution des résultats
% des personnes avec chaque résultat
Percentile par nombre de réponses
Votre historique - résultats
Vous n’avez pas pris ce quiz